| 000 | 01053nmm a2200289 a 4500 | ||
|---|---|---|---|
| 001 | ocm000965034 | ||
| 003 | TR-IsHL | ||
| 005 | 20201028150849.0 | ||
| 008 | 150110s2012 tu tur | ||
| 007 | cr cn | ||
| 020 | _a9786055831219 | ||
| 035 |
_a965034 _b(N$T) |
||
| 050 | 0 | 4 |
_aD568.7 _b.A2719 2012 |
| 090 | 0 | 4 |
_aD568.7 _b.A2719 2012 |
| 100 | 1 | _aAaronsohn, Alexander | |
| 245 | 1 | 0 |
_aTürkler Filistin'e gelirse _h[electronic resource] / _cAlexander Aaronsohn ; Türkçesi Doğa Alp |
| 260 |
_aİstanbul : _bAltın Bilek Yayınları, _c2012 |
||
| 300 | _a93 p. | ||
| 500 |
_aÖzgün eseradı: With the Turks in Palestine _xMetin Türkçe, İngilizce'den çeviri _x |
||
| 650 | 4 | _aTarih | |
| 650 | 4 | _aHistory | |
| 650 | 0 |
_aDünya Savaşı, 1914-1918 _x Kişisel anlatımlar |
|
| 650 | 0 |
_aWorld War, 1914-1918 _x Personal narratives |
|
| 650 | 7 |
_aHISTORY / Middle East / Turkey & Ottoman Empire _2bisacsh |
|
| 700 | 1 | _aAlp, Doğa | |
| 856 | 4 | 0 | _uhttp://search.ebscohost.com/login.aspx?direct=true&scope=site&db=e011xww&AN=965034 |
| 999 |
_c10702 _d10702 |
||